Opozícia nemusí trieskať po stole S Petrom Weissom sa vraciame k prvému zjazdu SDĽ

Bibliographic Details
Main Authors: Weiss, Peter, 1952- (Author), Lenická, Anna (Author)
Format: Article
Language:Slovak
PhysicalDescription:Fot. 1.
Subjects:

MARC

LEADER 00000nab a2200000 a 4500
001 vtls000441559
003 SK-MaSNL
005 20260303184003.0
008 120926c1992 xo 0 slo
015 |a SNBRB19rr/mm-uuuuu 
035 |a CL0441689 
040 |a SNKBUCL  |b slo  |c SNKBUCL  |e AACR2 
041 0 |a slo 
044 |a xo  |c SK 
080 |a 329.14(437.6)SDĽ  |2 1981 
100 1 |a Weiss, Peter,  |d 1952-  |4 aut  |9 103279 
245 1 0 |a Opozícia nemusí trieskať po stole  |b S Petrom Weissom sa vraciame k prvému zjazdu SDĽ  |c Peter Weiss, Anna Lenická 
300 |b Fot. 1. 
610 2 7 |a Strana demokratickej ľavice  |2 snkbucl  |9 165260 
655 7 |a články z novín a časopisov  |2 snkbucl  |9 267496 
700 1 |a Lenická, Anna  |4 aut  |9 565619 
773 0 |t Nové slovo  |g Roč. 2, č. 1 (1992) 
850 |a Slovenská národná knižnica v Martine  |a MTA001 
852 |a SNK  |b KIS3GCP 
958 |a RK 
992 |a RBX 
999 |c 2124142  |d 2126072